Giá trị học Cơ sở lý luận góp phần đúc kết, xây dựng giá trị chung của người Việt Nam thời nay

Сохранить в:
Библиографические подробности
Главный автор: Phạm, Minh Hạc
Формат:
Опубликовано: Hà Nội Dân trí 2010
Предметы:
Метки: Добавить метку
Нет меток, Требуется 1-ая метка записи!
Thư viện lưu trữ: Trung tâm Học liệu Lê Vũ Hùng, Trường Đại học Đồng Tháp
LEADER 00807pam a22002298a 4500
001 00045520
005 20200528160550.0
008 161019s2015 ||||||Viesd
020 # # |c 50000 
041 0 # |a Vie 
082 1 4 |a 301.095 97  |b GI100TR 
100 1 # |a Phạm, Minh Hạc 
245 1 0 |a Giá trị học  |c Phạm Minh Hạc  |b Cơ sở lý luận góp phần đúc kết, xây dựng giá trị chung của người Việt Nam thời nay 
260 # # |a Hà Nội  |b Dân trí  |c 2010 
300 # # |a 340 tr.  |c 29 cm 
541 # # |a photo 
653 # # |a Con người 
653 # # |a Giá trị học 
653 # # |a Việt Nam 
852 # # |j KM.0033948  |j KM.0033949  |j KD.0027192 
910 # # |d 28/5/2020 
980 # # |a Trung tâm Học liệu Lê Vũ Hùng, Trường Đại học Đồng Tháp